NFL last seed in the NFC - Statistics

General Stats
  • This quiz has been taken 13 times
    4 since last reset
  • The average score is 17 of 56
Answer Stats
Year Team % Correct
2025 Arizona Cardinals
75%
2022 Chicago Bears
75%
2024 New York Giants
75%
2018 Arizona Cardinals
50%
2020 Atlanta Falcons
50%
2023 Carolina Panthers
50%
2015 Dallas Cowboys
50%
2021 Detroit Lions
50%
2016 San Francisco 49ers
50%
2019 Washington Redskins
50%
2003 Arizona Cardinals
25%
2000 Arizona Cardinals
25%
1995 Arizona Cardinals
25%
1987 Atlanta Falcons
25%
2010 Carolina Panthers
25%
2001 Carolina Panthers
25%
1997 Chicago Bears
25%
1989 Dallas Cowboys
25%
1988 Dallas Cowboys
25%
2008 Detroit Lions
25%
2006 Detroit Lions
25%
2002 Detroit Lions
25%
1979 Detroit Lions
25%
1990 Los Angeles Rams
25%
1982 Los Angeles Rams
25%
1984 Minnesota Vikings
25%
2005 New Orleans Saints
25%
1999 New Orleans Saints
25%
1996 New Orleans Saints
25%
1981 New Orleans Saints
25%
1980 New Orleans Saints
25%
1975 New Orleans Saints
25%
1970 New Orleans Saints
25%
2017 New York Giants
25%
2012 Philadelphia Eagles
25%
1998 Philadelphia Eagles
25%
1972 Philadelphia Eagles
25%
1992 Phoenix Cardinals
25%
2004 San Francisco 49ers
25%
1978 San Francisco 49ers
25%
1976 Seattle Seahawks
25%
2011 St. Louis Rams
25%
2009 St. Louis Rams
25%
2007 St. Louis Rams
25%
2014 Tampa Bay Buccaneers
25%
1991 Tampa Bay Buccaneers
25%
1986 Tampa Bay Buccaneers
25%
1985 Tampa Bay Buccaneers
25%
1983 Tampa Bay Buccaneers
25%
1977 Tampa Bay Buccaneers
25%
2013 Washington Redskins
25%
1994 Washington Redskins
25%
1993 Washington Redskins
25%
1974 New York Giants
0%
1973 New York Giants
0%
1971 New York Giants
0%
No matching quizzes found
Score Distribution
Percent of People with Each Score
Percentile by Number Answered
Your Score History
You have not taken this quiz since the last reset